00754cam a22002297a 450000100100000000500170001000800410002702000150006804000250008308200190010810000210012724500720014826000800022030000270030049000180032750400310034565000250037665000420040165000230044365000400046683000180050600000239920260219101335.0921231s1993 wau b 000 0 spa  a0827031696 aDO-SdBNPbspacBNPHU a371.822bB575p1 aBöhm, Winfried11a¿Pedagogía masculina - educación femenina? /cWinfried Böhm. aWashington, D. C. :bOrganización de los Estados Americanos (OEA),c1993. axiii, 126 p. ;c23 cm.1 aInteramerv25 aBibliografía: p. 113-126 0aMujeres xEducacion  4aDiscriminacion sexual en la educacion 4aEducación sexual 4aDiferencias sexuales (psicología) 0aInteramerv25